000 00407cas7a220015700 4500
001 zam00005866
008 951212n xx eng u
022 _a0021-0552
035 _a(Sirsi) r23035
035 _a(MACHINE)00886
245 0 0 _aowa law review.
260 _aIowa City :
_bUniversity Iowa.
650 _aLaw.
_6S3984.1
949 _aK1
_wlcc
_i-22326
_mMAIN
_p000
_tBOOK
_lON-SHELF
004 23035
999 _c181647
_d181647